Statistiques concernant Tous les pokémon de Max

Cliquez ici pour prendre le quiz!

Statistiques générales

  • Ce quiz a été pris 19 fois
  • Le résultat moyen est 5 sur 7

Statistiques - réponses

HintRéponse% Correct
Rubis & SaphirCamerupt
90%
Grahyena
90%
Ultra-Soleil
& Ultra-Lune
Groudon
80%
Nosferalto
80%
Rubis Oméga
& Saphir Alpha
Smogogo
80%
Nostenfer
60%
EmeraudeNosferapti
50%

Distribution des résultats

Percentile par nombre de réponses

% des personnes avec chaque résultat

Votre développement - résultats

Vous n’avez pas pris ce quiz